000 00546nam a2200121Ia 4500
008 220616s9999||||xx |||||||||||||| ||und||
245 0 _aSinophone Southeast Asia
_bSinitic Voices across the Southern Seas
546 _aEnglish[eng]
650 _aAsian Studies||South East Asia||Languages and Linguistics||Sociolinguistics
700 _aHoogervorst, Tom||Chia, Caroline
856 _uhttps://library.oapen.org/bitstream/20.500.12657/50792/1/9789004473263.pdf||https://library.oapen.org/bitstream/20.500.12657/50792/1/9789004473263.pdf
942 _cEB
999 _c19801
_d19801